Et tu danses avec lui - Paroles - Statistiques

Statistiques générales
  • Ce quiz a été pris 34 fois
  • Le résultat moyen est 23 sur 38
Statistiques - réponses
Réponse % Correct
Aussi bien que ce soir
95%
Tu n'as jamais dansé
95%
Tes cheveux blonds dans le noir
77%
Et tu danses avec lui
73%
Je regarde briller
73%
Et tu danses avec lui
68%
La tête sur son épaule
68%
Abandonnée heureuse
64%
C'est ton plus mauvais rôle
64%
Pour en être amoureuse
64%
Si tendrement je crois
64%
Tu as toute la nuit
64%
Tu fermes un peu les yeux
64%
Tu n'as jamais souri
64%
Tu ne me regardes pas
64%
Et tu danses avec lui
59%
Et tu danses avec lui
59%
Et tu danses avec lui
59%
Tu es la plus jolie
59%
Abandonnée heureuse
55%
Avec lui
55%
C'est ton plus mauvais rôle
55%
Et tu danses avec lui
55%
Il y a toujours un slow
55%
J'ai envie de partir
55%
Je suis mal dans ma peau
55%
Pour en être amoureuse
55%
Tu as toute la nuit
55%
Tu fermes un peu les yeux
55%
Et tu danses avec lui
50%
Et tu danses avec lui
50%
La tête sur son épaule
50%
Lui
50%
Pour me voler ton sourire
50%
Et tu flirtes avec lui
45%
Je ne me souviens plus de rien
45%
Je ne sais plus qui je suis
45%
Moi tout seul dans mon coin
41%
Aucun quiz correspondant
Distribution des résultats
% des personnes avec chaque résultat
Percentile par nombre de réponses
Votre historique - résultats
Vous n’avez pas pris ce quiz